| 000 | 01285cam a22002535a 4500 | ||
|---|---|---|---|
| 003 | OSt | ||
| 005 | 20150830091930.0 | ||
| 008 | 100810s1991 ua 000fr001 0da1a dara d | ||
| 020 | _a9772570637 | ||
| 040 |
_aEG-ScBUE _bara _cEG-ScBUE |
||
| 082 | 0 | 4 |
_a297.1224045 _bا ب ن _222 |
| 100 | 1 |
_aابن غلبون، عبد المنعم بن عبيد الله _98664 |
|
| 245 | 0 | 1 |
_aكتاب الاستكمال : _bلبيان جميع ما يأتي في كتاب الله عز وجل في مذهب القراء السبعة في التفخيم والإمالة وما كان بين للفظين مجملا كاملا/ _cتحقيق ودراسة عبدالفتاح بحيري إبراهيم؛ تصنيف أبي الطيب عبدالمنعم بن عبيدالله بن غلبون |
| 260 |
_a[القاهرة] : _b[مطبعة الأزهر]، _c1991 |
||
| 300 |
_a691 ص؛ _c24 سم |
||
| 500 | _aيشتمل على فهارس. | ||
| 504 | _aيحتوي على إرجاعات ببليوجرافية: ص 683-691 | ||
| 541 |
_aألف باء _cشراء |
||
| 590 | _adoaa mohamed | ||
| 650 |
_aالقرآن _98666 _xالقراءات السبع _2BUEsh |
||
| 651 | _2BUEsh | ||
| 700 |
_aابراهيم، عبد الفتاح بحيري _98669 _eمحقق |
||
| 942 |
_cBB _k297.1224045 ا ب ن _2ddc |
||
| 999 |
_c5474 _d5474 |
||